Z omylu na pravú cestu

Bibliographic Details
Format: Book
Language:Slovak
PhysicalDescription:23, [1] s. 8°
Published: Prešov Pravda 1950
Subjects:

MARC

LEADER 00000cam a2200000 a 4500
001 vtls008406514
003 SK-MaSNL
005 20260426012948.0
008 200228s1945 xo 000 0 slo
015 |a SNBA19451955-013855 
020 |q (brož.) 
035 |a SK01SNKBKSFS20010098731 
035 |a urn:nbn:sk:snk-am3hyeq 
035 |a 7456CF1C-E75C-4394-AC80-9E8CCDE46DF2 
035 |a urn:nbn:sk:snk-am00ddf3 
035 |a SKM000101194 
040 |a SNK  |b slo  |c SNK  |e AACR2 
041 0 |a slo 
044 |a xo  |c SK 
080 |a 271.2-7  |2 2001 
080 |a 27-9  |2 2001 
080 |a (437.6)  |2 2001 
245 0 0 |a Z omylu na pravú cestu 
260 |a Prešov  |b Pravda  |c 1950  |e Prešov  |f Pravda 
300 |a 23, [1] s.  |c 8° 
500 |a Obálkový názov 
650 0 7 |a cirkevné dejiny  |2 SNKPH  |9 3909 
650 0 7 |a pravoslávne cirkvi  |2 SNKPH  |9 84045 
651 7 |a Slovensko  |2 SNKPHgeo  |9 14231 
655 7 |a štúdie  |2 SNKPH  |9 57033 
958 |a ONDV 
958 |a RK 
958 |a TL 
999 |c 1110621  |d 1112551 
952 |a SNK  |b SNK  |y VYP  |7 0  |p 17A0648393  |o snkSD 6868 D1  |i snkD 59/63  |8 1  |0 0  |1 0  |4 0  |d 2010-03-04  |l 0  |r 2026-02-24 17:59:29  |w 2026-02-24 
952 |a SNK  |b SNK  |y VYP  |7 0  |p 17A0648392  |o snkSD 6868 D2  |i snkF 3494/64  |8 5  |0 0  |1 0  |4 0  |d 2010-03-04  |l 0  |r 2026-02-24 17:59:29  |w 2026-02-24 
952 |a SNK  |b SNK  |y PREZ  |7 0  |p 17A0911395  |o snkSD 6868  |i snk4725/50  |0 0  |1 0  |4 0  |d 2019-06-25  |f 1  |l 0  |r 2025-11-14 00:00:00  |w 2026-02-24